000 00537nam a22001937a 4500
003 KOHA_MİRAKIL
005 20250929095519.0
008 250929b tu ||||| |||| 00| 0 tur d
020 _a9789755709512
040 _aTR-AnABB
_btur
_cTR-AnABB
041 _atur
082 _a843.914
_bPER 2019
100 1 _aPerec, Georges,
245 1 0 _aSaraybosna suikastı /
_cGeorges Perec
260 _aİstanbul :
_bSel Yayıncılık,
_c2019
300 _a123 sayfa ;
_c20 cm
650 0 4 _aFransız edebiyatı, roman
942 _2ddc
_cBK
999 _c8953
_d8953
900 _bGizem YORULMAZ